00231nam a2200109Ia 4500100001800000654001600018245002900034260002800063082001000091300000800101546001200109 aDavie Keith.  aManagement. aHuman relations at work. bTata Mc Graw hillc2001 a658.3 a559 aENGLISH